Music Quiz

Random Music Quiz

How Deep Is Your Love - Calvin Harris Lyrics Quiz Stats

 Plays Quiz not verified by Sporcle

Challenge
Share
Tweet
Embed
Score 0/118 Timer 10:00
0 Plays Today
Lyrics % Correct
I
98.9%
you
98.9%
your
98.9%
your
98.9%
How
98.9%
deep
98.9%
is
98.9%
your
98.9%
love?
98.9%
Is
98.9%
you?
98.9%
How
98.9%
deep
98.9%
is
98.9%
your
98.9%
love?
98.9%
Is
98.9%
How
98.9%
deep
98.9%
is
98.9%
your
98.9%
love? (x8)
98.9%
Is
98.9%
How
98.9%
deep
98.9%
is
98.9%
your
98.9%
love? (x2)
98.9%
I
98.9%
your
98.9%
[Chorus]
98.9%
how
98.9%
deep
98.9%
is
98.9%
your
98.9%
love?
98.9%
How
98.9%
deep
98.9%
is
98.9%
your
98.9%
Lyrics % Correct
love? (x3)
98.9%
how
98.9%
deep
98.9%
is
98.9%
your
98.9%
love?
98.9%
it
94.5%
like
94.5%
it
94.5%
like
94.5%
it
94.5%
like
94.5%
it
94.5%
it
94.5%
me.
92.3%
me
92.3%
me
92.3%
the
92.3%
ocean?
92.3%
me
92.3%
the
92.3%
ocean?
92.3%
me
92.3%
me
92.3%
me
92.3%
me,
92.3%
me,
92.3%
to
75.8%
harder
73.6%
want
72.5%
Let
71.4%
Let
71.4%
devotion
71.4%
nirvana?
71.4%
Let
71.4%
in
70.3%
Hit
67%
are
65.9%
tell
64.8%
tell
64.8%
Lyrics % Correct
tell
64.8%
be
63.7%
No
62.6%
no
62.6%
No
62.6%
no
62.6%
body
59.3%
What
59.3%
air.
58.2%
So
57.1%
So
57.1%
closer
56%
fear.
54.9%
again.
54.9%
again.
54.9%
breathe
53.8%
freely.
52.7%
Pull
51.6%
Can
50.5%
Can
50.5%
all
49.5%
secrets.
49.5%
my
48.4%
am.
48.4%
go
48.4%
go
48.4%
who
47.3%
and
46.2%
on
46.2%
roam
45.1%
sin.
45.1%
up
44%
eyes
44%
deeper? (x8)
41.8%
Open
40.7%
deeper? (x4)
40.7%
inhibitions,
24.2%
inhibitions,
24.2%

You're not logged in!

Compare scores with friends on all Sporcle quizzes.
Join for Free
OR
Log In

You Might Also Like...

Show Comments

Extras

Top Quizzes Today


Score Distribution

Your Account Isn't Verified!

In order to create a playlist on Sporcle, you need to verify the email address you used during registration. Go to your Sporcle Settings to finish the process.

Report this User

Report this user for behavior that violates our Community Guidelines.

Details: